Expenses of city school systems. (Record no. 19337)

MARC details
000 -LEADER
fixed length control field 01123cam a22002651 4500
001 - CONTROL NUMBER
control field e 12000761
003 - CONTROL NUMBER IDENTIFIER
control field DLC
005 - DATE AND TIME OF LATEST TRANSACTION
control field 20260227111157.0
007 - PHYSICAL DESCRIPTION FIXED FIELD--GENERAL INFORMATION
fixed length control field cr_|||||||||||
008 - FIXED-LENGTH DATA ELEMENTS--GENERAL INFORMATION
fixed length control field 081229s1912 dcu 000 0 eng
010 ## - LIBRARY OF CONGRESS CONTROL NUMBER
LC control number e 12000761
040 ## - CATALOGING SOURCE
Original cataloging agency DLC
Transcribing agency DLC
Modifying agency DLC
050 00 - LIBRARY OF CONGRESS CALL NUMBER
Classification number LB2829
Item number .U6 1912a
100 1# - MAIN ENTRY--PERSONAL NAME
Personal name Updegraff, Harlan,
Dates associated with a name 1874-
245 10 - TITLE STATEMENT
Title Expenses of city school systems.
Remainder of title Tables, quotations, and facts from advance sheets of " A study of expenses of city school systems,"
Statement of responsibility, etc. by Harlan Updegraff...with special application to the public school system of the District of Columbia, 1912.
260 ## - PUBLICATION, DISTRIBUTION, ETC.
Place of publication, distribution, etc. Washington,
Date of publication, distribution, etc. 1912.
300 ## - PHYSICAL DESCRIPTION
Extent 40 p.
Dimensions 24 cm.
490 0# - SERIES STATEMENT
Series statement U.S. 62d Cong., 2d sess. Senate.
Volume/sequential designation Doc. no. 431
500 ## - GENERAL NOTE
General note Presented by Mr. Gallinger, March 15, 1912.--Ordered to be printed.
530 ## - ADDITIONAL PHYSICAL FORM AVAILABLE NOTE
Additional physical form available note Also available in digital form on the Internet Archive Web site.
650 #0 - SUBJECT ADDED ENTRY--TOPICAL TERM
Topical term or geographic name entry element Education
Geographic subdivision United States
General subdivision Finance.
650 #0 - SUBJECT ADDED ENTRY--TOPICAL TERM
Topical term or geographic name entry element Education
Geographic subdivision New Columbia
General subdivision Finance.
700 1# - ADDED ENTRY--PERSONAL NAME
Personal name Gallinger, Jacob H.
Fuller form of name (Jacob Harold),
Dates associated with a name 1837-1918.
856 41 - ELECTRONIC LOCATION AND ACCESS
Uniform Resource Identifier <a href="http://hdl.loc.gov/loc.gdc/scd0001.00213248364">http://hdl.loc.gov/loc.gdc/scd0001.00213248364</a>

No items available.

Powered by Koha